01692naa a22003377a 4500001001000000003000900010005001700019007000300036008003400039040005400073041000900127072002600136090001800162100001900180100001400199100002000213111011200233245016700345260003600512500025600548650001400804650001000818650001100828650002800839650001700867773025300884909003601137942001401173999001901187952014801206BR9600446BR-BrBNA20240918181818.0ta230509b bl.||||| |||| 00| 0 por d aBR-BrBNAbporcBiblioteca Nacional de Agricultura a(Pt) aF08b3240b0120b1410 aF08 BR96004461 aPassos, C.A.M.1 aCouto, L.1 aFernandes, E.N.1 a1. Congresso Florestal Panamericano7. Congresso Florestal BrasileirocCuritiba, PR (Brazil)d19-24 Sep 19931 aComportamento inicial de Eucaliptus grandis W. Hill ex Maiden consorciado com milho (Zea mays L.)e feijao (Phaseolus vulgaris L.)no Vale do Rio Doce, Minas Gerais3 aCuritiba, PR (Brasil): c1993.  aAnais. 1. Congresso Florestal Panamericano. 7. Congresso Florestal Brasileiro. Floresta para o desenvolvimento: politica, ambiente, tecnologia e mercado. Trabalhos voluntarios e posters. v. 1. Curitiba, PR (Brasil): 1993. p. 270-273 (BR9600446-AM)F08  aEucalipto aMilho aFeijao aConsorciacao de Cultura aMinas Gerais0 tAnais. 1. Congresso Florestal Panamericano. 7. Congresso Florestal Brasileiro. Floresta para o desenvolvimento: politica, ambiente, tecnologia e mercado. Trabalhos voluntarios e posters. v. 1.wF08 BR9600446gCuritiba, PR (Brasil), 1993. p. 270-273 a202404bLuciac55dLucia Elande cAM2AGRIS c326956d326956 002AGRIS40708Acervo Gerala41918b41918cAgrobasel0oK10 BR9600360r2024-05-20t01yAM10d2024-04-11ePortaria Interministerial nÂș 164/94